000 00687nam a2200229 i 4500
001 bg
100 1 _aUJWARY-GIL, Anna
245 1 0 _aInwentyka czyli kreatywność w biznesie :
_bwybrane zagadnienia /
_cAnna Ujwary-Gil.
260 _aNowy Sącz :
_bWSB-NLU,
_c2004.
300 _a212 s. ;
_c24 cm.
504 _aBibliogr.
650 9 _aInnowacje
_xgospodarka
650 9 _aMyślenie twórcze
_xzagadnienia
020 _a8388421379
040 _cBPK
041 0 _apol
080 _a658.1/.5:001.895:159.955
920 _a83-88421-37-9
942 _cKS
008 s pl f |000 0 pol
999 _c46003
_d46003
856 _uhttp://koha.tu.koszalin.pl/cgi-bin/koha/opac-detail.pl?biblionumber=46003
_yKatalog online BPK